| 000 | 01154cam a2200217 4500 | ||
|---|---|---|---|
| 001 | WB4010-04 | ||
| 008 | 040311n2004 000 0 eng u | ||
| 035 | _a(Sirsi) u125403 | ||
| 245 | _aNew design rules | ||
| 260 | _c2004 | ||
| 490 |
_aODPM News Release _v(2004/0050) 10 March 2004 (2) |
||
| 520 | _aThe ODPM has annouced a review of building controls to create better quality housing designed to adapt to changing household needs. Existing building regulations on accessibility could be strengthened by introducing the lifetime homes standard, which are a series of design features to ensure that flexibility is built in at the design stage. Possible features for greater flexibility include stairs designed to take a stair lift at a late stage and ground floor space for installation of a shower if required. For the ODPM News Release: http://www.odpm.gov.uk/pns/DisplayPN.cgi?pn_id=200 4_0050 | ||
| 590 | _aWB | ||
| 590 | _aWB | ||
| 650 | _aHOUSE DESIGNS | ||
| 650 |
_aBUILDING REGULATIONS _96224 |
||
| 650 | _aLIFETIME HOMES | ||
| 650 | _aINCLUSIVE DESIGN | ||
| 690 | _aBUILDING AND CONSTRUCTION-REGULATION AND CONTROL | ||
| 942 | _n0 | ||
| 999 |
_c117096 _d117096 |
||